| 000 | 01903aam a2200553 4500 | ||
|---|---|---|---|
| 005 | 20251117123933.0 | ||
| 008 | 150421b2000 xxu||||| |||| 00| 0 spa d | ||
| 020 | _a97017027010 | ||
| 041 | _aESP | ||
| 082 | _a658.403.4 EP64i5 | ||
| 100 |
_aGould, F _934420 |
||
| 100 |
_aEppen, G _934421 |
||
| 100 |
_aSchmidt, C.P _934422 |
||
| 245 | _aInvestigación de operaciones en la ciencia administrativa | ||
| 250 | _a5 edición | ||
| 260 | _aMéxico | ||
| 260 | _bPrentice-Hall | ||
| 260 | _c2000 | ||
| 300 | _a792 páginas | ||
| 490 | _aDirección y Administración de Empresas | ||
| 505 | _aParte I. Los modelos y su Construcción, Parte II. Optimización, Parte III. Modelos probabilísticos. Contiene disco compacto N° 186 | ||
| 650 | _aINVESTIGACIÓN DE OPERACIONES | ||
| 650 | _aCONSTRUCCIÓN DE MODELOS | ||
| 650 | _aMODELOS DETERMINÍSTICOS Y PROBABILÍSTICOS | ||
| 650 | _aCONSTRUCCIÓN DE MODELOS EN HOJAS DE CÁLCULO ELECTRÓNICAS | ||
| 650 | _aOPTIMIZACIÓN LINEAL | ||
| 650 | _aPROGRAMACIÓN LINEAL | ||
| 650 | _aMODELO PROTRAC | ||
| 650 | _aTIEMPO DE ESPERA | ||
| 650 | _aTOMA DE DECISIONES | ||
| 650 | _aPROGRAMACIÓN DE RECURSOS LIMITADOS | ||
| 650 | _aPROCESO DE JERARQUÍA ANALÍTICA | ||
| 650 | _aMODELOS PROBABILÍSTICOS | ||
| 650 | _aGENERACIÓN DE VARIABLES ALEATORIAS | ||
| 650 | _aSIMULACIÓN CON HOJA DE CÁLCULO | ||
| 650 | _aCONTROL DE INVENTARIOS | ||
| 650 | _aPRONÓSTICOS CUANTITATIVOS | ||
| 650 | _aPRONÓSTICOS CUALITATIVOS | ||
| 650 | _aADMINISTRACIÓN DE PROYECTOS | ||
| 650 | _aPROBABILIDADES DISCRETAS | ||
| 650 | _aPROBABILIDADES CONTINUAS | ||
| 650 | _aDISTRIBUCIONES CON MÚLTIPLES VARIABLES | ||
| 650 | _aADMINISTRACIÓN DE COSTOS | ||
| 650 | _aADMINISTRACIÓN DE PROYECTOS | ||
| 650 | _aHOJAS DE CÁLCULO | ||
| 650 | _aANÁLISIS GRAFICO | ||
| 650 | _aOPTIMIZACIÓN CON ENTEROS | ||
| 942 |
_cBK _2ddc |
||
| 999 |
_c4897 _d4897 |
||